000 00513nam a2200205 b 4500
001 0000613
003 DO-SdBNP
005 20160826134215.0
007 0000613
008 050617 1982 cu a spa
017 _a
_b
035 _a
040 _aBPMSU
_bspa
_cBPMSU
_e
100 1 _aMartí, José
245 1 3 _aCartas a María Mantilla /
_cJosé Martí
_h
260 _aLa Habana, Cuba :
_bGente nueva,
_c1982.
300 _a102 p. :
_c27 cm
942 _2ddc
_cBK
956 _aYLOCKWARD
_b10
_dBPMSU
_f00144
999 _c11189
_d11189